Hey Bulldog - The Beatles (All Lyrics) - Statistics

General Stats
  • This quiz has been taken 45 times
    44 since last reset
  • The average score is 161 of 209
Answer Stats
Lyrics % Correct
a
100%
I
100%
you
100%
your
100%
in
97%
me
97%
me,
97%
to
95%
you're
95%
can
92%
do
92%
ha
92%
is
92%
of
92%
talk
92%
the
92%
hey
86%
if
86%
it
86%
it,
86%
it!
86%
some
86%
bulldog!
84%
bulldog
84%
kind
84%
measured
84%
out
84%
what
84%
when
84%
know
81%
lonely
81%
think
81%
hands
78%
years
78%
bullfrog
76%
happiness
76%
like
76%
makes
76%
smile?
76%
got
73%
it's
73%
miles
73%
no
73%
something
73%
sweaty
73%
again
70%
doing
70%
don't
70%
listen
70%
rain
70%
special
70%
but
68%
jack
68%
knife
68%
one
68%
standing
68%
fears
65%
have
62%
innocence
62%
sheepdog
59%
solitude
59%
child
57%
clue
57%
haven't
57%
that
57%
understands
57%
dark
54%
man
54%
man,
54%
park
54%
say?
51%
woo!
51%
big
49%
frightened
49%
(yeah)
49%
walking
46%
wigwam
43%
woof!
43%
ah
38%
that's
38%
you've
35%
anymore?
32%
at
32%
boy?
30%
boy,
30%
look
30%
ho
27%
only
27%
ten
27%
what's
24%
children
22%
had
22%
quiet
22%
quiet!
22%
woah!
16%
okay,
11%
wahoo
8%
No matching quizzes found
Score Distribution
Percent of People with Each Score
Percentile by Number Answered
Your Score History
You have not taken this quiz since the last reset